Coupe du monde des clubs FIFA 2022 - Statistiques

Statistiques générales
  • Ce quiz a été pris 54 fois
  • Le résultat moyen est 3 sur 7
Statistiques - réponses
Représentant Club % Correct
Europe Real Madrid
100%
Amérique du Sud CR Flamengo
48%
Maroc (pays organisateur) Wydad AC
34%
Afrique Al Ahly
32%
Asie Al-Hilal
32%
Amérique du Nord Seattle Sounders
20%
Océanie Auckland City
18%
Aucun quiz correspondant
Distribution des résultats
% des personnes avec chaque résultat
Percentile par nombre de réponses
Votre historique - résultats
Vous n’avez pas pris ce quiz